Leader xxxxxxxxxx
001 __ PCLIS00034929
005 __ 20220610173505.0
010 0_ |a957-444-125-3|b平裝|dNT$250
100 __ |a20041124d2004 m y0chiy09 e
101 0_ |achi
102 __ |atw
105 __ |ac z 000ad
200 1_ |a九十二年小說選|f林秀玲主編
205 __ |a初版
210 __ |a臺北市|c九歌|d2004(民93)
215 0_ |a281面|c像|d21公分
225 1_ |a九歌文庫|v682
300 __ |a作者號取自劃一題名
300 __ |a附錄: 九十二年度小說紀事
500 11 |a九歌小說選|m中文
517 1_ |aCollected short stories 2003|zeng
517 1_ |a92年小說選|zchi
681 __ |a857.61|b8674
681 __ |a857.61|b8763 88
700 _1 |a林|b秀玲|4主編
801 _0 |atw|b內湖高中|c20041124|gCCR
|